Statistics for Specialist Math

Click here to take the quiz!

General Stats

  • This quiz has been taken 5 times
  • The average score is 13 of 16

Answer Stats

QuestionTileSelect% Correct
What is the determinant?No
100%
What is the determinant?No
100%
A transformation matrix for a sheer of 5 parallel to the Y-axis is:No
100%
A transformation matrix for a sheer of 5 parallel to the Y-axis is:No
100%
A transformation matrix for a sheer of 5 parallel to the Y-axis is:No
100%
if z = 5+12i then the conjugate of z is...No
100%
if z = 5+12i then the conjugate of z is...No
100%
A transformation matrix for a sheer of 5 parallel to the Y-axis is:No
80%
if z = 5+12i then the conjugate of z is...Yes
80%
if z = 5+12i then the conjugate of z is...No
80%
What is the determinant?Yes
60%
What is the determinant?No
60%
A transformation matrix for a sheer of 5 parallel to the Y-axis is:No
60%
Sketch y = cosec(2x) + 1/2:Yes
60%
Sketch y = cosec(2x) + 1/2:No
60%
A transformation matrix for a sheer of 5 parallel to the Y-axis is:Yes
40%

Score Distribution

Percentile by Number Answered

Percent of People with Each Score

Your Score History

You have not taken this quiz